000 02347nam a22005777a 4500
001 11157371
005 20030302154914.0
008 751012c19719999ii br0p f0 a0eng
010 _asa 65000415
_zsn 79004661
022 _a0301-1208
025 _aPL480: I-D-E-606
030 _aIJBBBQ
035 _a(OCoLC)ocm01696706
040 _aDLC
_cMnMULS
_dOCoLC
_dNIC
_dNSDP
_dMH
_dOCoLC
_dInU
_dOCoLC
_dOCoLC
_dAIP
_dNST
_dAIP
_dDLC
_dNST
_dDLC
_dDNAL
_dNST
_dDNAL
_dDNLM
_dOCoLC
042 _ansdp
_alc
043 _aa-ii---
050 _aQP501
_b.I42
060 _aW1
_bIN206PR
070 _aQP501
_b.I48
072 _aX300
082 _a574.192
210 _aInd. j. biochem. biophys.
222 _aIndian journal of biochemistry & biophysics
245 _aIndian journal of biochemistry and biophysics.
246 _aIndian journal of biochemistry and biophysics
260 _aNew Delhi :
_bCouncil of Scientific and Industrial Research,
_cc1971-
300 _av. :
_bill. ;
_c29 cm.
310 _aBimonthly,
_b1979-
321 _aQuarterly,
_b1971-1977
321 _aBimonthly,
_bJan.-Oct. 1978
321 _aQuarterly,
_bDec. 1978
362 _aVol. 8, no. 1 (Mar. 1971)-
500 _aTitle from cover.
510 _aChemical abstracts
_x0009-2258
550 _aIssued by the Council of Scientific and Industrial Research in association with the Indian National Science Academy and the Society of Biological Chemists (India).
650 _aBiochemistry
_vPeriodicals.
650 _aBiochemistry
_vPeriodicals.
650 _aBiophysics
_vPeriodicals.
710 _aCouncil of Scientific & Industrial Research (India)
710 _aIndian National Science Academy.
710 _aSociety of Biological Chemists (India)
770 _aSociety of Biological Chemists (India).
_tAbstracts - Society of Biological Chemists, India
_w(DLC)sn 90012025
_w(OCoLC)4746894
780 _tIndian journal of biochemistry
_x0019-5081
_w(DLC) 86655104
_w(OCoLC)1588143
270 _bNew Delhi
906 _a7
_bcbc
_cserials
_du
_encip
_f19
_gn-oclcserc
936 _aMar. 1975
942 _2ddc
_cSR
_h574.192
_mIND
_s1
999 _c23162
_d23162